000 00681nam a2200241 a 4500
001 BRL_542
005 20190320210807.0
008 020913s1955----mx-#######---#000-0#spa-#
041 _aspa
044 _amx
050 4 _aF1219.1.T8
_b.K57 1955
100 1 _aKirchhoff, Paul
_99833
245 1 0 _aQuetzalcoatl, Huemac y el fin de Tula
_cPaul Kirchhoff.
260 _aMéxico, D.F.
_c1955
300 _ap. 163-196
_c23 cm.
440 0 _aCuadernos Americanos
_v6
_924252
500 _aAu582
650 1 4 _aQuetzalcóatl (Dios azteca)
_923872
650 1 4 _aToltecas
_xHistoria
_923758
651 4 _aTula de Allende (México)
_xAntigüedades
_924253
902 _aGRL
942 _2lcc
_cB
999 _c9354
_d9354